000 00504nam a22001697a 4500
003 BD-ChCU
005 20260224122348.0
008 260224b bg ||||| |||| 00| 0 ben d
040 _cBD-ChCU
082 _a330 TAE
100 _aTarshis , Lorie.
_920561
245 _aThe elements of economics :
_ban introduction to the theory of price and employment ./
_cLorie , Tarshis .
260 _aBoston :
_bMifflin ,
_cC 1947.
300 _axii , 699p
650 0 _aEconomics .
_920562
942 _2ddc
_cBK
_n0
999 _c111729
_d111729